LEADER 02156nam a2200217 4500 001 000000338477 003 CaOOAMICUS 005 20191210162751.0 008 191210s1767 it 000 u ita r 040 $aSeMil$bita 100 11$aZaccaria, Francesco Antonio,$c.$0(OLS)http://semarc/name/89796 245 00$aAnti-Febbronio di Francescantonio Zaccaria della Compagnia di Gesù bibliotecario di s.a.s. il signor duca di Modena o sia Apologia polemico-storica del primato del papa consecrata alla santità di n.s. papa Clemente 13. Contro la dannata opera di Giustino Febbronio dello Stato della chiesa, e della legittima podestà del romano pontefice. Parte prima polemica [-seconda storica] ... 264 1$aIn Pesaro :$bDalla stamperia Amatina,$c1767. 300 $a2 v. ;$cfol. 500 $aStemma calcogr. di papa Clemente XIII sul front. del vol. 1 700 1 $aAmati, Pasquale,$c.$0(OLS)http://semarc/name/110638 774 0 $aZaccaria, Francesco Antonio $tParte prima polemica. Premettesi una istruttiva introduzione, nella quale il fine si esamina, onde Febbronio a scrivere il suo libro si e messo; ...$dIn Pesaro : Dalla stamperia Amatina, 1767.$w()338478 774 0 $aZaccaria, Francesco Antonio $tParte seconda storica o sia Storia del primato del Papa ne' primi otto secoli della Chiesa. Si soggiunge un'appendice, o sia Dissertazione nella quale contro certa Dissertazione isagogica s'illustra, e si difende la podestà del romano Pontefice sopra i beni ecclesiastici di tutte le Chiese.$dIn Pesaro : Dalla stamperia Amatina, 1767.$w()338479 996 $6245$aAnti-Febbronio di Francescantonio Zaccaria della Compagnia di Gesù bibliotecario di s.a.s. il signor duca di Modena o sia Apologia polemico-storica del primato del papa consecrata alla santità di n.s. papa Clemente 13. Contro la dannata opera di Giustino Febbronio dello Stato della chiesa, e della legittima podestà del romano pontefice. Parte prima polemica [-seconda storica] ...$9(OLS)http://semarc/title/427325 996 $6264$aIn Pesaro :$bDalla stamperia Amatina$9(OLS)http://semarc/publisher/58739 LEADER 00986nam a2200217 i 4500 001 000000238412 003 CaOOAMICUS 005 20150129000000.0 008 150129s2011 it u000 u ita u 013 $a217317 040 $aSeMil$bita 100 1 $aMezzadonna, Mauro.$0(OLS)http://semarc/name/81230 245 13$aUn vescovo sempre moderno :$bservo di Dio mons. Angelo Ramazzotti : 1800-1861 /$cMauro Mezzadonna. 260 $aRoma :$bUfficio storico del PIME,$c2011. 300 $a82 p. :$bill. ;$c17 cm. 650 4$aRamazzotti, Angelo .$0(OLS)http://semarc/subject/11469 850 $aSeMil 852 $aSeMil$W1$xVenegono$y1$m5D VII 13/27$j188758$B188758$CSeMilBibl$Z2$F200700 $81 961 $aOmaggio: Fumagalli don Aristide 996 $6245$aUn vescovo sempre moderno :$bservo di Dio mons. Angelo Ramazzotti : 1800-1861$9(OLS)http://semarc/title/339762 996 $6260$aRoma :$bUfficio storico del PIME$9(OLS)http://semarc/publisher/53037